[Event "Amposta Balague Memorial 1st"]
[Site "Amposta"]
[Date "2014.07.25"]
[Round "3"]
[White "Morales Medel, Ruben"]
[Black "Garcia Espelta, Josep"]
[Result "1/2-1/2"]
[WhiteElo "1883"]
[BlackElo "1963"]
[PlyCount "79"]
[EventDate "2014.07.24"]
[EventType "swiss"]
[EventRounds "7"]
[EventCountry "ESP"]
[SourceTitle "CBM 161 Extra"]
[Source "ChessBase"]
[SourceDate "2014.08.29"]
[SourceVersion "1"]
[SourceVersionDate "2014.08.29"]
[SourceQuality "1"]

1. e4 c5 2. Nf3 Nc6 3. d4 cxd4 4. Nxd4 e6 5. Nxc6 bxc6 6. Bd3 Nf6 7. 0-0 d5 8. Qe2 Be7 9. Bf4 c5 10. c4 d4 11. Nd2 Nd7 12. e5 Qc7 13. Rfe1 Rb8 14. Qg4 g6 15. Rab1 Bb7 16. h4 h5 17. Qg3 Qd8 18. Bg5 Bxg5 19. Qxg5 Qxg5 20. hxg5 Ke7 21. f4 a5 22. Be4 Bxe4 23. Nxe4 Rb4 24. b3 a4 25. Kf2 axb3 26. axb3 Ra8 27. Rb2 Ra5 28. Reb1 Nb8 29. Nd6 Nc6 30. Ke2 Rb8 31. Kd2 Nb4 32. Ne4 Rba8 33. Ke2 Rd8 34. Kd2 Kd7 35. g3 Kc6 36. Nd6 Ra7 37. Nb5 Raa8 38. Nd6 Rh8 39. Rh1 Rh7 40. Ne4 1/2-1/2

[Event "Amposta Balague Memorial 1st"]
[Site "Amposta"]
[Date "2014.07.24"]
[Round "1"]
[White "Morales Medel, Ruben"]
[Black "Fernandez Soriano, Ruben"]
[Result "0-1"]
[WhiteElo "1883"]
[BlackElo "2136"]
[PlyCount "62"]
[EventDate "2014.07.24"]
[EventType "swiss"]
[EventRounds "7"]
[EventCountry "ESP"]
[SourceTitle "CBM 161 Extra"]
[Source "ChessBase"]
[SourceDate "2014.08.29"]
[SourceVersion "1"]
[SourceVersionDate "2014.08.29"]
[SourceQuality "1"]

1. e4 c5 2. Nf3 e6 3. d4 cxd4 4. Nxd4 a6 5. Bd3 Nc6 6. Nxc6 bxc6 7. 0-0 d5 8. Qe2 Nf6 9. c4 Bb7 10. Bg5 Be7 11. Nd2 0-0 12. f4 Nd7 13. Bxe7 Qxe7 14. cxd5 cxd5 15. exd5 Bxd5 16. Rfe1 Qf6 17. b3 Qxf4 18. Bxa6 Qd4+ 19. Kh1 Rxa6 20. Qxa6 Qxd2 21. Qe2 Qg5 22. Rad1 Nf6 23. Rd4 h5 24. Kg1 Rc8 25. g3 Rc1 26. Rf4 Rxe1+ 27. Qxe1 Bc6 28. Qd2 Qc5+ 29. Kf1 Nd5 30. Rf2 Ne3+ 31. Ke1 Ng4 0-1